000 00535nam a2200205Ia 4500
005 20250508162145.0
008 008 250505s9999 xx 000 0 eng d
037 _aTextual
040 _aFEDL
_beng
_cFEDL
041 _aeng
_2eng
084 _a657, MAG
_qFEDL
100 _aMagee J O
_9772458
245 0 _aCompany accounts
250 _a2
260 _aEstover
_bMacDonald & Evans
_c1978
300 _aviii,423p
490 _aThe M and E Handbook series
942 _cTEXL
_h657, MAG
999 _c1374714
_d1374714